000
00305nam a2200133Ia 4500
100
_a
Powersoft Enterprises Series
942
_c
BK
654
_a
Computer
245
_a
Power Builder : Getting Started
260
_b
Microsoft corporation
_a
USA
_c
1994
300
_a
255
546
_a
ENGLISH
999
_c
27420
_d
27420